|
|
|
|
| LEADER |
00832nab a2200205 i 4500 |
| 001 |
acta40965 |
| 005 |
20260224081030.0 |
| 008 |
170720s2000 hu o 000 hun d |
| 022 |
|
|
|a 0237-7934
|
| 040 |
|
|
|a SZTE Egyetemi Kiadványok Repozitórium
|b hun
|
| 041 |
|
|
|a hun
|
| 100 |
1 |
|
|a Vajda Tamás
|
| 245 |
1 |
0 |
|a Források a "szigeti klastrom" szentjéről
|h [elektronikus dokumentum] :
|b Árpád-házi Szent Margit legrégibb legendája és szentté avatási pere : ford. Bellus Ibolya, Szabó Zsuzsanna /
|c Vajda Tamás
|
| 260 |
|
|
|c 2000
|
| 300 |
|
|
|a 209-212
|
| 490 |
0 |
|
|a Aetas
|v 15 No. 3
|
| 695 |
|
|
|a Szentek - magyar - Árpád-ház - könyvismertetés, Margit - Szent - Árpád-házi
|
| 700 |
0 |
1 |
|a Bellus Ibolya
|
| 700 |
0 |
1 |
|a Szabó Zsuzsanna
|
| 856 |
4 |
0 |
|u http://acta.bibl.u-szeged.hu/40965/1/aetas_2000_003_209-212.pdf
|z Dokumentum-elérés
|